| 000 | 00681nam a2200301Ia 4500 | ||
|---|---|---|---|
| 005 | 20260401122049.0 | ||
| 008 | 008 250103s9999 xx 000 0 eng d | ||
| 020 | _a9780195649154 | ||
| 037 | _aTB | ||
| 040 | _aEDL | ||
| 040 | _beng | ||
| 040 | _cEDL | ||
| 041 | _2eng | ||
| 041 | _aeng | ||
| 084 | _a791.437 VAI | ||
| 084 | _qEDL | ||
| 100 |
_aVaidyanathan, T.G _91232484 |
||
| 245 | 0 | _aHours in the Dark: Essays on Cinema | |
| 245 | 0 | _cVaidyanathan, T.G | |
| 260 | _aDelhi | ||
| 260 | _bOxford University Press | ||
| 260 | _c1996 | ||
| 300 | _a289p | ||
| 942 | _cTB | ||
| 942 | _h791.437 VAI | ||
| 999 |
_c1844677 _d1844677 |
||